000 01075cam a2200313 a 4500
999 _c478565
_d478565
001 16212423
003 NUST
005 20180605033338.0
008 100430s2010 enka b 001 0 eng
010 _a 2010287474
020 _a9780521889445 (hardback)
020 _a9780521717939 (pbk.)
038 _aSNS Library
040 _aDLC
_cDLC
_dDLC
050 0 0 _aQB843.B55
_bB44 2010
082 _a523.8875 BEG 2010
_bBEG
100 1 _aBegelman, Mitchell C.
_910936
245 1 0 _aGravity's Fatal Attraction :
_bblack holes in the universe
_cMitchell Begelman, Martin Rees.
250 _a2nd ed.
260 _aCambridge :
_aNew York :
_bCambridge University Press,
_c2010.
300 _a302 p. :
_bill. (some col.) ;
_c25 cm.
504 _aIncludes bibliographical references (p. 279-280) and index.
650 0 _aBlack holes (Astronomy)
_910598
650 0 _aQuasars.
_910937
700 1 _aRees, Martin J.,
_d1942-
_910938
906 _a7
_bcbc
_corigcop
_d2
_eocip
_f20
_gy-gencatlg
942 _2ddc
_cBK